[Event "Turku TuTS op"]
[Site "Turku"]
[Date "2019.11.30"]
[Round "2"]
[White "Sipila, Vilka"]
[Black "Jarvela, Jari"]
[Result "1-0"]
[WhiteElo "2396"]
[BlackElo "2091"]
[PlyCount "57"]
[EventDate "2019.11.29"]
[EventType "swiss"]
[EventRounds "5"]
[EventCountry "FIN"]
[SourceTitle "EXT 2021"]
[Source "ChessBase"]
[SourceDate "2020.10.23"]
[SourceVersion "1"]
[SourceVersionDate "2020.10.23"]
[SourceQuality "1"]

1. c4 e5 2. Nc3 f5 3. g3 c5 4. Nf3 Nc6 5. e3 Nf6 6. d4 e4 7. Nh4 g6 8. dxc5 Bxc5 9. a3 Be7 10. Be2 d6 11. Ng2 Ne5 12. Nf4 Bd7 13. b3 Qa5 14. Bb2 Bc6 15. 0-0 h5 16. b4 Qd8 17. b5 Bd7 18. Ncd5 g5 19. Bxe5 gxf4 20. Bxh5+ Nxh5 21. Bxh8 f3 22. Bc3 Bf8 23. Qd4 Bg7 24. Qd2 Qg5 25. Nc7+ Kd8 26. Qxd6 Qg4 27. Rfd1 f4 28. Ne6+ Ke8 29. Qxd7# 1-0

[Event "FIN-ch op"]
[Site "Naantali"]
[Date "2019.07.04"]
[Round "8"]
[White "Jarvela, Jari"]
[Black "Tiiva, Eetu"]
[Result "1-0"]
[WhiteElo "2074"]
[BlackElo "1830"]
[PlyCount "31"]
[EventDate "2019.06.29"]
[EventType "swiss"]
[EventRounds "9"]
[EventCountry "FIN"]
[SourceTitle "CBM 192 Extra"]
[Source "Chessbase"]
[SourceDate "2019.11.06"]
[SourceVersion "1"]
[SourceVersionDate "2019.11.06"]
[SourceQuality "1"]

1. e4 e6 2. f4 d5 3. e5 c5 4. Nf3 Nc6 5. Be2 Nge7 6. 0-0 Nf5 7. c3 d4 8. d3 Be7 9. a4 h6 10. Na3 Rg8 11. Nc4 g5 12. fxg5 hxg5 13. Qe1 g4 14. Nfd2 b6 15. Ne4 Ba6 16. Ncd6+ 1-0

[Event "Turku We TuTS A"]
[Site "Turku"]
[Date "2017.12.09"]
[Round "3"]
[White "Jarvela, Jari"]
[Black "Linden, Lari"]
[Result "1/2-1/2"]
[WhiteElo "2136"]
[BlackElo "2133"]
[PlyCount "41"]
[EventDate "2017.12.08"]
[EventType "swiss"]
[EventRounds "5"]
[EventCountry "FIN"]
[SourceTitle "EXT 2022"]
[Source "ChessBase"]
[SourceDate "2021.10.06"]
[SourceVersion "1"]
[SourceVersionDate "2021.10.06"]
[SourceQuality "1"]

1. d4 d5 2. c3 Nf6 3. Bg5 Nc6 4. e3 Bf5 5. Qb3 Qd7 6. Nd2 Rb8 7. f4 Ne4 8. Ngf3 f6 9. Bh4 e6 10. Nxe4 Bxe4 11. Be2 Bd6 12. 0-0 0-0 13. Nd2 Bg6 14. Rae1 Kh8 15. Bf3 b5 16. Qd1 Na5 17. b3 Bd3 18. Be2 Bg6 19. Bg4 Bd3 20. Be2 Bg6 21. Bg4 1/2-1/2

[Event "FIN-chT2 Gp3 1718"]
[Site "Finland"]
[Date "2017.10.22"]
[Round "3.1"]
[White "Taivainen, Jukka"]
[Black "Jarvela, Jari"]
[Result "1-0"]
[WhiteElo "2220"]
[BlackElo "2141"]
[PlyCount "127"]
[EventDate "2017.09.16"]
[EventType "team-tourn"]
[EventRounds "7"]
[EventCountry "FIN"]
[SourceTitle "EXT 2020"]
[Source "ChessBase"]
[SourceDate "2019.10.17"]
[SourceVersion "1"]
[SourceVersionDate "2019.10.17"]
[SourceQuality "1"]
[WhiteTeam "Tampere SK"]
[BlackTeam "Turku SY"]
[WhiteTeamCountry "FIN"]
[BlackTeamCountry "FIN"]

1. e4 e6 2. d4 d5 3. Nd2 f5 4. exf5 exf5 5. Bd3 Nc6 6. c3 Bd6 7. Ne2 Nf6 8. Nf3 0-0 9. 0-0 Ne7 10. Bf4 Ng6 11. Bxd6 Qxd6 12. Re1 Bd7 13. Nc1 Rae8 14. Rxe8 Rxe8 15. Bf1 f4 16. h3 Bf5 17. Nd3 c6 18. Nde5 Nd7 19. Nxg6 Bxg6 20. Qd2 Be4 21. Re1 Rf8 22. Nh2 Qg6 23. f3 Bf5 24. Ng4 h5 25. Nf2 Qd6 26. Bd3 Be6 27. Bc2 Bf5 28. Bxf5 Rxf5 29. Nd3 b6 30. Qe2 Rf8 31. Qe6+ Qxe6 32. Rxe6 c5 33. Rd6 Nf6 34. dxc5 bxc5 35. Nxc5 Kf7 36. Ra6 g5 37. Rxa7+ Kg6 38. Kf2 g4 39. hxg4 hxg4 40. Ne6 g3+ 41. Kf1 Rh8 42. Nxf4+ Kf5 43. Nd3 Rh1+ 44. Ke2 Rg1 45. Ke3 Rxg2 46. Re7 Rc2 47. Re5+ Kg6 48. Nf4+ Kh6 49. Rf5 Nh7 50. Rh5+ Kg7 51. Rh3 Rxb2 52. Rxg3+ Kf7 53. Rg2 Rb5 54. Kd4 Nf6 55. Rg5 Ra5 56. Nxd5 Nd7 57. Rg2 Ke6 58. c4 Ra3 59. f4 Ra4 60. Rg6+ Kf7 61. Rd6 Nb8 62. Rb6 Nd7 63. Rb7 Ke6 64. Rxd7 1-0

[Event "FIN-chT2 Gp3 1718"]
[Site "Finland"]
[Date "2017.09.16"]
[Round "1.1"]
[White "Jarvela, Jari"]
[Black "Salo, Tapio"]
[Result "1/2-1/2"]
[WhiteElo "2141"]
[BlackElo "2235"]
[PlyCount "50"]
[EventDate "2017.09.16"]
[EventType "team-tourn"]
[EventRounds "7"]
[EventCountry "FIN"]
[SourceTitle "EXT 2020"]
[Source "ChessBase"]
[SourceDate "2019.10.17"]
[SourceVersion "1"]
[SourceVersionDate "2019.10.17"]
[SourceQuality "1"]
[WhiteTeam "Turku SY"]
[BlackTeam "Loimaa SK"]
[WhiteTeamCountry "FIN"]
[BlackTeamCountry "FIN"]

1. d4 Nf6 2. c4 e6 3. Nf3 b6 4. Nc3 Bb4 5. e3 Bb7 6. Bd3 0-0 7. 0-0 c5 8. Nb5 cxd4 9. a3 Be7 10. exd4 d5 11. Bf4 Nc6 12. Rc1 a6 13. Nc3 Rc8 14. Re1 dxc4 15. Bxc4 b5 16. Ba2 b4 17. Na4 bxa3 18. bxa3 Bxa3 19. Rb1 Na5 20. Ng5 Bd5 21. Bxd5 exd5 22. Rb6 Nc4 23. Rxa6 Bb4 24. Rf1 h6 25. Nf3 Ne4 1/2-1/2

[Event "Naantali Avoin op"]
[Site "Naantali"]
[Date "2017.07.07"]
[Round "7"]
[White "Jarvela, Jari"]
[Black "Puuska, Heini"]
[Result "0-1"]
[WhiteElo "2164"]
[BlackElo "1928"]
[PlyCount "76"]
[EventDate "2017.07.03"]
[EventType "swiss"]
[EventRounds "7"]
[EventCountry "FIN"]
[SourceTitle "EXT 2018"]
[Source "ChessBase"]
[SourceDate "2017.10.13"]
[SourceVersion "1"]
[SourceVersionDate "2017.10.13"]
[SourceQuality "1"]

1. d4 d5 2. Bf4 c5 3. dxc5 Nc6 4. Nf3 e6 5. e4 Qf6 6. exd5 exd5 7. Bd6 Bxd6 8. cxd6 Qxb2 9. Nbd2 Nf6 10. Bd3 0-0 11. 0-0 Qa3 12. Rb1 Qxd6 13. Nc4 Qc7 14. Ne3 d4 15. Nf5 Bxf5 16. Bxf5 Rfd8 17. Rb3 Rd5 18. Bd3 Rad8 19. Qb1 b6 20. Rd1 Ne5 21. Nxe5 Rxe5 22. Re1 Rde8 23. Rd1 Ng4 24. g3 h5 25. Qa1 Qc6 26. a4 Qf6 27. f4 Re3 28. Rb5 g6 29. Rg5 Qe6 30. Rf1 Rxg3+ 31. hxg3 Qe3+ 32. Kh1 Qxg3 33. Rxg4 Qh3+ 34. Kg1 Qxg4+ 35. Kf2 Qxf4+ 36. Kg2 Qg4+ 37. Kf2 Re3 38. Rh1 Qf4+ 0-1

[Event "Naantali Avoin op"]
[Site "Naantali"]
[Date "2017.07.04"]
[Round "2"]
[White "Maki Uuro, Miika"]
[Black "Jarvela, Jari"]
[Result "1-0"]
[WhiteElo "2344"]
[BlackElo "2164"]
[PlyCount "59"]
[EventDate "2017.07.03"]
[EventType "swiss"]
[EventRounds "7"]
[EventCountry "FIN"]
[SourceTitle "EXT 2018"]
[Source "ChessBase"]
[SourceDate "2017.10.13"]
[SourceVersion "1"]
[SourceVersionDate "2017.10.13"]
[SourceQuality "1"]

1. Nf3 f5 2. c4 Nf6 3. g3 b6 4. Bg2 Bb7 5. 0-0 c5 6. Nc3 d6 7. d4 cxd4 8. Nxd4 Bxg2 9. Kxg2 Qc8 10. Bg5 Nbd7 11. Rc1 h6 12. Bxf6 Nxf6 13. e4 fxe4 14. Nd5 e6 15. Nxe6 Kf7 16. Nec7 Rb8 17. Nxf6 gxf6 18. Qd5+ Kg6 19. Qxe4+ f5 20. Qe6+ Kg7 21. Qxc8 Rxc8 22. Nd5 Kf7 23. Rfe1 h5 24. h4 Rh7 25. Rc3 Kg6 26. Re6+ Kf7 27. Rf6+ Ke8 28. Rxf5 Bg7 29. Re3+ Kd8 30. Rf7 1-0

[Event "Turku We TSY"]
[Site "Turku"]
[Date "2017.03.25"]
[Round "2"]
[White "Jarvela, Jari"]
[Black "Niemi, Kalle"]
[Result "0-1"]
[WhiteElo "2164"]
[BlackElo "2357"]
[PlyCount "68"]
[EventDate "2017.03.24"]
[EventType "swiss"]
[EventRounds "5"]
[EventCountry "FIN"]
[SourceTitle "EXT 2022"]
[Source "ChessBase"]
[SourceDate "2021.10.06"]
[SourceVersion "1"]
[SourceVersionDate "2021.10.06"]
[SourceQuality "1"]

1. d4 d5 2. Nc3 e6 3. Bf4 Nf6 4. f3 Bb4 5. a3 Bxc3+ 6. bxc3 c5 7. Qd2 Qa5 8. Nh3 Nbd7 9. e3 Nb6 10. Rb1 Bd7 11. Bd6 cxd4 12. exd4 Rc8 13. Bb4 Qa4 14. Bd3 a5 15. Bc5 Nc4 16. Qg5 Rxc5 17. dxc5 Qxa3 18. Rxb7 Qxc3+ 19. Ke2 0-0 20. Rhb1 h6 21. Qg3 e5 22. Qe1 Qa3 23. Qf2 e4 24. Bxc4 e3 25. Qh4 dxc4 26. Qxc4 Be6 27. Qd4 Nd5 28. R7b3 Qa2 29. R1b2 Qa1 30. Rb8 Qc1 31. Rxf8+ Kxf8 32. c6 Nf4+ 33. Nxf4 Bc4+ 34. Qd3 Qd2+ 0-1

[Event "Turku We TSY"]
[Site "Turku"]
[Date "2017.03.24"]
[Round "1"]
[White "Jarvela, Jari"]
[Black "Valkama, Eero"]
[Result "1/2-1/2"]
[WhiteElo "2164"]
[BlackElo "2234"]
[PlyCount "102"]
[EventDate "2017.03.24"]
[EventType "swiss"]
[EventRounds "5"]
[EventCountry "FIN"]
[SourceTitle "EXT 2022"]
[Source "ChessBase"]
[SourceDate "2021.10.06"]
[SourceVersion "1"]
[SourceVersionDate "2021.10.06"]
[SourceQuality "1"]

1. f4 d5 2. c4 e6 3. Nf3 Nf6 4. e3 Be7 5. b3 0-0 6. Be2 c5 7. 0-0 Nc6 8. Ne5 Nxe5 9. fxe5 Nd7 10. d4 f6 11. Bb2 fxe5 12. dxe5 dxc4 13. Bxc4 Nb6 14. Nd2 Bg5 15. Qe2 Nxc4 16. Rxf8+ Qxf8 17. Nxc4 Be7 18. Rf1 Qe8 19. Nd6 Bxd6 20. exd6 b6 21. Qg4 Qd7 22. Rf3 e5 23. Qc4+ Qe6 24. Qe4 Rb8 25. Qxe5 Rb7 26. Qxe6+ Bxe6 27. e4 Rf7 28. Kf2 Rxf3+ 29. Kxf3 Kf7 30. Kf4 c4 31. b4 g6 32. Ke5 c3 33. Bxc3 Bxa2 34. Bd2 Be6 35. g3 a5 36. bxa5 bxa5 37. Bxa5 h5 38. Bd2 Bc8 39. Bg5 Be6 40. Bh4 Bc8 41. Kd5 Bd7 42. e5 Bc8 43. Kc6 Ke6 44. Kc7 Bd7 45. Bf6 Ba4 46. Kb6 Bd7 47. Kc5 Ba4 48. Kd4 Bd7 49. Ke4 Bc8 50. Kf4 Bd7 51. Kg5 Kf7 1/2-1/2

[Event "FIN-chT2 Gp2 1617"]
[Site "Finland"]
[Date "2016.10.08"]
[Round "2.2"]
[White "Jarvela, Jari"]
[Black "Puhtila, Marko"]
[Result "0-1"]
[WhiteElo "2161"]
[BlackElo "2051"]
[PlyCount "36"]
[EventDate "2016.09.17"]
[EventType "team-tourn"]
[EventRounds "7"]
[EventCountry "FIN"]
[SourceTitle "EXT 2019"]
[Source "ChessBase"]
[SourceDate "2018.10.10"]
[SourceVersion "1"]
[SourceVersionDate "2018.10.10"]
[SourceQuality "1"]
[WhiteTeam "Turku SY"]
[BlackTeam "Turku AS"]
[WhiteTeamCountry "FIN"]
[BlackTeamCountry "FIN"]

1. e4 d5 2. exd5 Nf6 3. d4 Bg4 4. f3 Bf5 5. c4 e6 6. dxe6 Nc6 7. exf7+ Kxf7 8. Be3 Bb4+ 9. Kf2 Re8 10. Ne2 Rxe3 11. Kxe3 Qe7+ 12. Kf2 Re8 13. Qc1 Nxd4 14. Nxd4 Bc5 15. g3 Ng4+ 16. Kg2 Ne3+ 17. Kf2 Bxd4 18. Qd2 Nc2+ 0-1

[Event "Naantali Avoin op"]
[Site "Naantali"]
[Date "2016.07.10"]
[Round "9"]
[White "Nieminen, Markus"]
[Black "Jarvela, Jari"]
[Result "0-1"]
[WhiteElo "1982"]
[BlackElo "2153"]
[PlyCount "68"]
[EventDate "2016.07.04"]
[EventType "swiss"]
[EventRounds "9"]
[EventCountry "FIN"]
[SourceTitle "EXT 2017"]
[Source "ChessBase"]
[SourceDate "2016.10.25"]
[SourceVersion "1"]
[SourceVersionDate "2016.10.25"]
[SourceQuality "1"]

1. e4 e6 2. d4 d5 3. e5 c5 4. c3 Nc6 5. Nf3 Qb6 6. a3 a5 7. Bd3 Bd7 8. Bc2 f6 9. 0-0 fxe5 10. Nxe5 Nxe5 11. dxe5 Ne7 12. Nd2 g6 13. h4 0-0-0 14. b4 Nc6 15. Nf3 Qc7 16. Bf4 Be7 17. Qe2 Kb8 18. Rfb1 Rc8 19. Rb2 Na7 20. bxa5 Qxa5 21. a4 Rhf8 22. Bd2 c4 23. Rab1 Rc7 24. Nd4 Bxh4 25. f3 Be7 26. Qf2 Ba3 27. Rb6 Bc5 28. R6b2 Ka8 29. Be3 Qxc3 30. Nxe6 Bxe3 31. Nxc7+ Kb8 32. Rxb7+ Kc8 33. Nxd5 Bxf2+ 34. Kf1 Qxe5 0-1

[Event "Naantali Avoin op"]
[Site "Naantali"]
[Date "2016.07.05"]
[Round "3"]
[White "Jarvela, Jari"]
[Black "Linqvist, Grels"]
[Result "1/2-1/2"]
[WhiteElo "2153"]
[BlackElo "2034"]
[PlyCount "35"]
[EventDate "2016.07.04"]
[EventType "swiss"]
[EventRounds "9"]
[EventCountry "FIN"]
[SourceTitle "EXT 2017"]
[Source "ChessBase"]
[SourceDate "2016.10.25"]
[SourceVersion "1"]
[SourceVersionDate "2016.10.25"]
[SourceQuality "1"]

1. f4 Nf6 2. c4 c5 3. Nc3 Nc6 4. Nf3 g6 5. d4 cxd4 6. Nxd4 Bg7 7. Nxc6 bxc6 8. e4 d6 9. Be2 Qc7 10. 0-0 Nd7 11. Be3 Rb8 12. Qd2 0-0 13. Rad1 Re8 14. b3 Qa5 15. Nb1 Qxd2 16. Nxd2 a5 17. Bf3 c5 18. Bg4 1/2-1/2

[Event "Turku We Tsy"]
[Site "Turku"]
[Date "2016.04.10"]
[Round "4"]
[White "Linqvist, Grels"]
[Black "Jarvela, Jari"]
[Result "0-1"]
[WhiteElo "2037"]
[BlackElo "2153"]
[PlyCount "70"]
[EventDate "2016.04.08"]
[EventType "swiss"]
[EventRounds "5"]
[EventCountry "FIN"]
[SourceTitle "EXT 2022"]
[Source "ChessBase"]
[SourceDate "2021.10.06"]
[SourceVersion "1"]
[SourceVersionDate "2021.10.06"]
[SourceQuality "1"]

1. c4 e5 2. Nc3 Nf6 3. g3 d5 4. cxd5 Nxd5 5. Bg2 Be6 6. Nf3 Nc6 7. d3 Be7 8. Bd2 0-0 9. 0-0 h6 10. Nxd5 Bxd5 11. Bc3 Qd6 12. Nd2 Bxg2 13. Kxg2 Nd4 14. Bxd4 exd4 15. Qb3 b6 16. a4 Rfe8 17. Rfc1 c5 18. Rc2 Bd8 19. Re1 h5 20. h4 Re6 21. e3 Rg6 22. Ne4 Qd7 23. exd4 Qxd4 24. Ng5 Bxg5 25. Re4 Qd7 26. hxg5 Rxg5 27. Rce2 Qd5 28. Qxd5 Rxd5 29. Re8+ Rxe8 30. Rxe8+ Kh7 31. Re3 a5 32. Kf3 Rd4 33. b3 Rb4 34. d4 Rxd4 35. Ke2 g5 0-1

[Event "Turku We Tsy"]
[Site "Turku"]
[Date "2016.04.10"]
[Round "5"]
[White "Niemi, Kalle"]
[Black "Jarvela, Jari"]
[Result "1/2-1/2"]
[WhiteElo "2314"]
[BlackElo "2153"]
[PlyCount "121"]
[EventDate "2016.04.08"]
[EventType "swiss"]
[EventRounds "5"]
[EventCountry "FIN"]
[SourceTitle "EXT 2022"]
[Source "ChessBase"]
[SourceDate "2021.10.06"]
[SourceVersion "1"]
[SourceVersionDate "2021.10.06"]
[SourceQuality "1"]

1. e4 b6 2. d4 Bb7 3. Nc3 e6 4. Nf3 Nf6 5. Bd3 Bb4 6. Bg5 h6 7. Bxf6 Qxf6 8. 0-0 Bxc3 9. bxc3 Nc6 10. Qe2 0-0 11. e5 Qf4 12. Nd2 f5 13. exf6 Qxf6 14. Qe4 Qf5 15. Qxf5 exf5 16. Rfe1 g6 17. Re2 Rae8 18. Rae1 Rxe2 19. Rxe2 Kf7 20. h4 Kf6 21. Nc4 d6 22. Ne3 Ne7 23. Bc4 d5 24. Bd3 c5 25. Re1 g5 26. hxg5+ hxg5 27. g4 f4 28. Nf5 c4 29. Nxe7 cxd3 30. cxd3 Rf7 31. Nf5 Ba6 32. c4 Rd7 33. Rc1 Rc7 34. a4 dxc4 35. Nd6 Rd7 36. Nxc4 Rxd4 37. Rc3 Bb7 38. Kf1 Bf3 39. a5 bxa5 40. Nd2 Bxg4 41. Ne4+ Kg6 42. Rc6+ Kh5 43. Rc5 Rxd3 44. Nxg5 Kh4 45. Kg2 a4 46. Ra5 a3 47. Kh2 Rd2 48. Ne4 Re2 49. Nc3 Rxf2+ 50. Kg1 Rc2 51. Rxa3 Bf3 52. Nb5 Kg3 53. Rxf3+ Kxf3 54. Nd4+ Ke4 55. Nxc2 a5 56. Kf2 a4 57. Na3 Kd3 58. Kf3 Kc3 59. Kxf4 Kb3 60. Nb5 Kc4 61. Ke3 1/2-1/2

[Event "Turku We Tsy"]
[Site "Turku"]
[Date "2016.04.08"]
[Round "1"]
[White "Jarvenpaa, Jari"]
[Black "Jarvela, Jari"]
[Result "1-0"]
[WhiteElo "2295"]
[BlackElo "2153"]
[PlyCount "73"]
[EventDate "2016.04.08"]
[EventType "swiss"]
[EventRounds "5"]
[EventCountry "FIN"]
[SourceTitle "EXT 2022"]
[Source "ChessBase"]
[SourceDate "2021.10.06"]
[SourceVersion "1"]
[SourceVersionDate "2021.10.06"]
[SourceQuality "1"]

1. e4 d5 2. exd5 Nf6 3. d4 Nxd5 4. c4 Nf6 5. Nf3 g6 6. Be2 Bg7 7. 0-0 0-0 8. Nc3 c5 9. dxc5 Na6 10. Be3 Ng4 11. Bg5 f6 12. Bd2 Nxc5 13. b4 Na6 14. Qb3 e5 15. c5+ Kh8 16. Rad1 Qe7 17. Bc4 Nc7 18. Bc1 Nh6 19. Ne4 Rb8 20. b5 Be6 21. Bxe6 Qxe6 22. Qxe6 Nxe6 23. Rd6 Nf4 24. Bxf4 exf4 25. Rd7 Nf7 26. h3 Kg8 27. c6 bxc6 28. bxc6 Rbc8 29. c7 f5 30. Neg5 Bf6 31. Ne6 Rfe8 32. Nxf4 Re7 33. Nd5 Re6 34. Rb1 Ne5 35. Nxf6+ Kf8 36. Nxe5 Rxf6 37. Rd8+ 1-0

[Event "FIN-chT2 Gp1 1516"]
[Site "Finland"]
[Date "2016.02.06"]
[Round "6.1"]
[White "Olander, Aleksi"]
[Black "Jarvela, Jari"]
[Result "1/2-1/2"]
[WhiteElo "2076"]
[BlackElo "2132"]
[PlyCount "66"]
[EventDate "2015.09.12"]
[EventType "team-tourn"]
[EventRounds "6"]
[EventCountry "FIN"]
[SourceTitle "EXT 2017"]
[Source "ChessBase"]
[SourceDate "2016.10.25"]
[SourceVersion "1"]
[SourceVersionDate "2016.10.25"]
[SourceQuality "1"]
[WhiteTeam "Turku TuTS II"]
[BlackTeam "Turku SY"]
[WhiteTeamCountry "FIN"]
[BlackTeamCountry "FIN"]

1. d4 Nf6 2. c4 e6 3. g3 Bb4+ 4. Bd2 Bxd2+ 5. Qxd2 d5 6. Nc3 dxc4 7. e4 b5 8. Nxb5 0-0 9. Bg2 Bb7 10. Nc3 c5 11. d5 exd5 12. exd5 Nbd7 13. Nge2 Nb6 14. Rd1 Qd7 15. 0-0 Rad8 16. Qe3 Qc8 17. Nf4 Rfe8 18. Qc1 Re5 19. a4 Nh5 20. a5 Nd7 21. Nb5 Qb8 22. Na3 Ba6 23. Nxc4 Nxf4 24. Qxf4 Re2 25. Qxb8 Rxb8 26. Rc1 Rb4 27. b3 Rxb3 28. Bh3 Rb4 29. Rfd1 Rxc4 30. Rxc4 Bxc4 31. Bxd7 Bb3 32. Rb1 c4 33. Bb5 Kf8 1/2-1/2

[Event "FIN-chT2 Gp1 1516"]
[Site "Finland"]
[Date "2015.11.07"]
[Round "4.1"]
[White "Eskelinen, Aarno"]
[Black "Jarvela, Jari"]
[Result "1/2-1/2"]
[WhiteElo "2189"]
[BlackElo "2132"]
[PlyCount "86"]
[EventDate "2015.09.12"]
[EventType "team-tourn"]
[EventRounds "6"]
[EventCountry "FIN"]
[SourceTitle "EXT 2017"]
[Source "ChessBase"]
[SourceDate "2016.10.25"]
[SourceVersion "1"]
[SourceVersionDate "2016.10.25"]
[SourceQuality "1"]
[WhiteTeam "Helsinki MeRa"]
[BlackTeam "Turku SY"]
[WhiteTeamCountry "FIN"]
[BlackTeamCountry "FIN"]

1. e4 c6 2. d4 d5 3. Nc3 g6 4. Be3 a6 5. Qd2 b5 6. a3 Bg7 7. Nf3 Nf6 8. exd5 cxd5 9. Bd3 Nc6 10. Bh6 Bxh6 11. Qxh6 Bg4 12. Ne5 Qd6 13. Qg7 Rf8 14. f4 0-0-0 15. 0-0 Be6 16. a4 Nxd4 17. axb5 axb5 18. Kh1 Qb6 19. b4 Bf5 20. Ra8+ Kb7 21. Rxd8 Rxd8 22. Qxf7 Qd6 23. Nxb5 Nxb5 24. Bxb5 Bxc2 25. Rc1 Rc8 26. Bc6+ Rxc6 27. Nxc6 Qxc6 28. Qxe7+ Nd7 29. Rxc2 Qxc2 30. Qxd7+ Kb6 31. Qd6+ Qc6 32. Qxc6+ Kxc6 33. g4 d4 34. Kg2 Kb5 35. f5 gxf5 36. gxf5 d3 37. Kf2 Kxb4 38. f6 Kc3 39. f7 d2 40. f8Q d1Q 41. Qc8+ Kb4 42. Qb7+ Kc5 43. Qxh7 Qd2+ 1/2-1/2

[Event "Turku TuTS Weekend A"]
[Site "Turku"]
[Date "2014.11.30"]
[Round "4"]
[White "Demidov, Jan"]
[Black "Jarvela, Jari"]
[Result "1-0"]
[WhiteElo "1962"]
[BlackElo "2157"]
[PlyCount "99"]
[EventDate "2014.11.28"]
[EventType "swiss"]
[EventRounds "5"]
[EventCountry "FIN"]
[SourceTitle "EXT 2022"]
[Source "ChessBase"]
[SourceDate "2021.10.06"]
[SourceVersion "1"]
[SourceVersionDate "2021.10.06"]
[SourceQuality "1"]

1. d4 f5 2. c4 Nf6 3. g3 e6 4. Bg2 d5 5. Nf3 c6 6. Qc2 Bd6 7. 0-0 0-0 8. b3 Ne4 9. Bb2 Nd7 10. Ne1 Qg5 11. f4 Qh5 12. Bf3 Qg6 13. Ng2 Ndf6 14. e3 Bd7 15. a4 Qh6 16. Nc3 Be8 17. Ne1 Bh5 18. Qg2 Bg4 19. Bxg4 Nxg4 20. Nc2 Qh5 21. Nxe4 fxe4 22. h3 Nf6 23. g4 Qf7 24. c5 Bc7 25. b4 Kh8 26. Bc3 Ng8 27. b5 Ne7 28. Be1 Rfc8 29. Qd2 Bd8 30. Bg3 b6 31. Qb4 a5 32. Qa3 Qe8 33. Rab1 Ng6 34. Rfc1 Be7 35. Ne1 Qf8 36. Ng2 Qf6 37. Rb3 h6 38. h4 Nf8 39. Rbc3 cxb5 40. axb5 Nd7 41. Qb3 bxc5 42. b6 Rab8 43. dxc5 Rxc5 44. Rxc5 Nxc5 45. Qb5 Nd3 46. Rc6 Qb2 47. Qxa5 Qb4 48. Qa7 Bd6 49. Qd7 Rxb6 50. Qd8+ 1-0

[Event "Turku We TSY"]
[Site "Turku"]
[Date "2014.??.??"]
[Round "1"]
[White "Jarvela, Jari"]
[Black "Niemi, Kalle"]
[Result "1/2-1/2"]
[WhiteElo "2163"]
[BlackElo "2305"]
[PlyCount "39"]
[EventDate "2014.??.??"]
[EventType "swiss"]
[EventRounds "5"]
[EventCountry "FIN"]
[SourceTitle "EXT 2022"]
[Source "ChessBase"]
[SourceDate "2021.10.06"]
[SourceVersion "1"]
[SourceVersionDate "2021.10.06"]
[SourceQuality "1"]

1. f4 g6 2. Nf3 Bg7 3. e4 c5 4. Bc4 Nc6 5. c3 e6 6. 0-0 Nge7 7. d3 0-0 8. Be3 d5 9. Bb5 d4 10. Bf2 a6 11. Ba4 b5 12. Bc2 e5 13. fxe5 Nxe5 14. cxd4 Nxf3+ 15. Qxf3 Bxd4 16. Nc3 Be6 17. Bb3 Qd7 18. Kh1 Bxf2 19. Rxf2 Rad8 20. Qf6 1/2-1/2

[Event "Turku We TSY"]
[Site "Turku"]
[Date "2014.??.??"]
[Round "5"]
[White "Jarvela, Jari"]
[Black "Tocklin, Tomi"]
[Result "1-0"]
[WhiteElo "2163"]
[BlackElo "1843"]
[PlyCount "63"]
[EventDate "2014.??.??"]
[EventType "swiss"]
[EventRounds "5"]
[EventCountry "FIN"]
[SourceTitle "EXT 2022"]
[Source "ChessBase"]
[SourceDate "2021.10.06"]
[SourceVersion "1"]
[SourceVersionDate "2021.10.06"]
[SourceQuality "1"]

1. e4 c6 2. Ne2 d5 3. e5 h5 4. Nf4 Bg4 5. Be2 Bxe2 6. Qxe2 e6 7. Nxh5 Qg5 8. Ng3 Nd7 9. 0-0 Qxe5 10. Qxe5 Nxe5 11. d4 Ng6 12. Nd2 Nf6 13. Nb3 Bd6 14. h3 b6 15. a4 0-0 16. Bg5 Bxg3 17. fxg3 Ne4 18. Bf4 f6 19. g4 e5 20. Be3 Nd6 21. c3 Nc4 22. Bc1 e4 23. Nd2 Nxd2 24. Bxd2 Ne7 25. Bf4 Rfe8 26. g5 f5 27. Bd6 g6 28. Rf4 Nc8 29. Be5 Kf7 30. g4 Ke6 31. gxf5+ gxf5 32. Rh4 1-0

[Event "Turku We TSY"]
[Site "Turku"]
[Date "2014.??.??"]
[Round "2"]
[White "Topi Hulmi, Teemu"]
[Black "Jarvela, Jari"]
[Result "1/2-1/2"]
[WhiteElo "2230"]
[BlackElo "2163"]
[PlyCount "56"]
[EventDate "2014.??.??"]
[EventType "swiss"]
[EventRounds "5"]
[EventCountry "FIN"]
[SourceTitle "EXT 2022"]
[Source "ChessBase"]
[SourceDate "2021.10.06"]
[SourceVersion "1"]
[SourceVersionDate "2021.10.06"]
[SourceQuality "1"]

1. e4 e5 2. Nf3 Nc6 3. Bb5 a6 4. Ba4 Nf6 5. 0-0 Be7 6. Re1 b5 7. Bb3 0-0 8. h3 d6 9. c3 Na5 10. Bc2 c5 11. d4 Qc7 12. Nbd2 cxd4 13. cxd4 Nc6 14. Nb3 a5 15. Be3 a4 16. Nbd2 Nb4 17. Bb1 Bb7 18. a3 Na6 19. Bd3 exd4 20. Nxd4 Nc5 21. Nxb5 Qd7 22. Bxc5 dxc5 23. Re3 Ba6 24. Qe2 Rfd8 25. Nb1 Nxe4 26. Rxe4 Qxd3 27. Qxd3 Rxd3 28. N1c3 Bxb5 1/2-1/2

[Event "Turku We TuTS"]
[Site "Turku"]
[Date "2013.12.01"]
[Round "5"]
[White "Jarvela, Jari"]
[Black "Valkama, Eero"]
[Result "1/2-1/2"]
[WhiteElo "2201"]
[BlackElo "1851"]
[PlyCount "32"]
[EventDate "2013.11.29"]
[EventType "swiss"]
[EventRounds "5"]
[EventCountry "FIN"]
[SourceTitle "EXT 2022"]
[Source "ChessBase"]
[SourceDate "2021.10.06"]
[SourceVersion "1"]
[SourceVersionDate "2021.10.06"]
[SourceQuality "1"]

1. e4 e5 2. c4 c5 3. Nc3 Nc6 4. g3 g6 5. Bg2 Bg7 6. Nge2 Nge7 7. d3 d6 8. Bg5 h6 9. Be3 0-0 10. Qd2 Kh7 11. 0-0 Nd4 12. Rab1 Nec6 13. Nd5 Be6 14. Nec3 f5 15. f4 Qd7 16. b4 b6 1/2-1/2

[Event "FIN-chT1 West 1314"]
[Site "Finland"]
[Date "2013.10.12"]
[Round "2.1"]
[White "Lako, Mika"]
[Black "Jarvela, Jari"]
[Result "1-0"]
[WhiteElo "2243"]
[BlackElo "2161"]
[PlyCount "61"]
[EventDate "2013.09.21"]
[EventType "team-tourn"]
[EventRounds "9"]
[EventCountry "FIN"]
[SourceTitle "EXT 2022"]
[Source "ChessBase"]
[SourceDate "2021.10.06"]
[SourceVersion "1"]
[SourceVersionDate "2021.10.06"]
[SourceQuality "1"]
[WhiteTeam "Helsinki I-HSK"]
[BlackTeam "Turku SY"]
[WhiteTeamCountry "FIN"]
[BlackTeamCountry "FIN"]

1. d4 d5 2. c4 e6 3. g3 dxc4 4. Bg2 Nf6 5. Nf3 a6 6. 0-0 Nbd7 7. a4 Rb8 8. Qc2 b5 9. Nbd2 Be7 10. b3 cxb3 11. Nxb3 Bb7 12. Bd2 Be4 13. Qa2 0-0 14. Rfc1 Bd5 15. Qc2 bxa4 16. Na5 c5 17. Qxa4 Nb6 18. Qd1 cxd4 19. Bf4 Bd6 20. Qxd4 Bxf4 21. Qxf4 Rc8 22. Qb4 Nbd7 23. Nc4 Ra8 24. Ne3 Be4 25. Nc4 Qb8 26. Qa3 h6 27. Nd6 Bd5 28. Nd4 Bxg2 29. Kxg2 Ne5 30. f4 Ned7 31. Nc6 1-0